000 01126nam a2200301 4500
001 0000015975
003 CO-CtgCURN
005 20250329164836.0
007 ta
008 160627s1994 000 0 eng d
020 _a9589082815
040 _aCO-CtgCURN
_bspa
_ccoctgcurn
082 0 _a720.986
_bA772
100 1 _aOleas S, Diego.
245 1 0 _aArquitectura en Ecuador :
_bpanorama contemporaneo /
_ccoordinador y compilador Diego Oleas S. , prologo Gustavo Medeiros , textos Lenin Ona ... [et al.] , traducción Patricia Anzola.
260 _aBogotá :
_bUniversidad de los Andes. Facultad de Arquitectura,
_c1994.
300 _a235 p.
336 _2rdacontent
337 _2rdamedia
_asin mediacion
_bn
338 _2rdacarrier
_avolumen
_bnc
490 1 _aColección SomoSur ;
_v16
500 _aIncluye resumen en ingles \ Incluye bibliografia.
650 1 4 _aArquitectura ecuatoriana
_xDiseños y planos.
650 1 4 _aArquitectura moderna
_zEcuador
_xDiseños y planos.
908 _a160627
942 _cBK
_h720.986
_iA772
_2ddc
999 _c2092
_d2092